Регионална библиотека "Любен Каравелов" - Русе

Обичам животните! (Запис номер 488577)

MARC детайли
000 -Лидер
Контролно поле с фиксирана дължина 01420nam a2200289 a 4500
003 - Код на организацията, давaща контролен номер
Контролно поле BLK
005 - Дата и час на последна редакция
Контролно поле 20250614103908.0
008 - Елементи от данни с фиксирана дължина
fixed length control field 230202b bu |||||r|||| 00| | bu d
020 ## - Международен стандартен номер на книга ISBN
Международен стандартен номер на книга ISBN 9786197386868
040 ## - Източник на каталожния запис
Идентификатор на билиотеката - собственик на записа BLK
041 ## - Код за език
Код за езика на текст/звукозапис или на отделно заглавие Български
Код за езика КДБФ Български
080 ## - УДК
Текстов определител УДК Издания за деца и юноши. Книжки-картинки. Читанки. Вж и 372.4
УДК код - определител по УДК 087.5
УДК определител :636.8
УДК - код + определител 087.5:636.8
080 ## - УДК
Текстов определител УДК Зоология. Вж и 636
УДК код - определител по УДК 59
УДК - код + определител 59:087.5
100 ## - Редна дума - Автор
R(LIN) 486195
Автор Портър, Хана
Авторска отговорност първи автор
139 ## - Редно поле
Редна дума Портър, Хана
Авторски знак Пор - П 79
245 ## - Сведения за заглавието
Заглавие Обичам животните!
Подзаглавни данни Над 60 капачета
Редно поле (дума) Хана Портър ; ил. Марина Солодкая; прев. от англ. Виктория Илиева.
260 ## - Област на издателските данни
9 (RLIN) 216689
Място на издаване, разпространение и проч. София
Име на издателя, разпространителя и проч. Клевър Бук
Година на издаване 2022
Печатница (Пловдив : Жанет)
Издателство - префикс ISBN 978-954-9749-
300 ## - Физическа характеристика
Страници 17 с.
Илюстрации и др. с цв. ил.
Размери/Мащаб 29 см
380 ## - Жанр
Жанр Детска отраслова лит.
500 ## - Общи забележки
Забележка Кор. опис. - Ориг. загл.: Wild about animals / text by Hannah Porter. - Кн. отпеч. на ламиниран картон.
650 #0 - Допълнително описание по предмет – тема
9 (RLIN) 259259
Основно описание – тема или топоним Животни - детска и юношеска литература
700 ## - Други автори (авторска отговорност)
9 (RLIN) 392138
Лично име Илиева, Виктория
Автороска отговорност (Описва отношението между автора и произведението) прев.
700 ## - Други автори (авторска отговорност)
9 (RLIN) 486196
Лично име Солодкая, Марина
Автороска отговорност (Описва отношението между автора и произведението) ил.
856 ## - Електронен адрес и достъп
Инструкция (цена за достъп) 0.00
Права за достъп disable
999 ## - СИСТЕМНИ КОНТРОЛНИ НОМЕРА
Koha biblionumber 488577
Koha biblioitemnumber 488577
942 ## - АРТИКУЛИ
Вид на библиотечния материал Книги
Скрит в OPAC Не
Периодичен библиозапис Да
Koha issues (borrowed), all copies 67
944 ## - СЪЗДАВАНЕ И РЕДАКЦИЯ на ЗАПИСА
Служител, извършил регистрацията/редакцията 30543
Статус, дата на статуса Ива Цветкова
Наличности
Код за отписване Код за изгубен артикул Източник на класификационната схема Код за повреда Коз за рестрикции Код за отдаване Артикулен № Име на библиотеката - собственик Име на библиотеката, в която се намира в момента Статус (Текущо местоположение) Дата на вписване в системата Местоположение - отдел Цена в лева Систематично азбучна сигнатура Баркод Цена в евро Служебен тип на артикула Инвентарен номер
  Не е изгубен Universal Decimal Classification Не е повреден без рестрикции заемане за дома 922898 Регионална библиотека "Любен Каравелов" Русе Регионална библиотека "Любен Каравелов" Русе Детски отдел 2023-02-03 Детски отдел 22.51 59/П 79 Х 120000882386 11.51 Книги  
  Не е изгубен Universal Decimal Classification Не е повреден без рестрикции заемане за дома 922899 Регионална библиотека "Любен Каравелов" Русе Регионална библиотека "Любен Каравелов" Русе Детски отдел 2023-02-03 Детски отдел 22.51 59/П 79 Х 120000882385 11.51 Книги  
  Не е изгубен Universal Decimal Classification Не е повреден без рестрикции заемане за дома 922900 Регионална библиотека "Любен Каравелов" Русе Регионална библиотека "Любен Каравелов" Русе Детски отдел 2023-02-03 Детски отдел 22.51 59/П 79 Х 120000882384 11.51 Книги  
  Не е изгубен Universal Decimal Classification Не е повреден само за читалня ползва се в читалня 923890 Регионална библиотека "Любен Каравелов" Русе Регионална библиотека "Любен Каравелов" Русе Хранилище 2023-03-17 Хранилище 30.00 Цб ІІ 31639 120000883225 15.34 Книги 120000883225
  Не е изгубен Universal Decimal Classification Не е повреден   заемане за дома 933564 Регионална библиотека "Любен Каравелов" Русе Регионална библиотека "Любен Каравелов" Русе Детски отдел 2023-09-15 Детски отдел 30.00 ДН 59/П 79 Х 120000892733 15.34 Книги 120000892733
  Не е изгубен Universal Decimal Classification Не е повреден   заемане за дома 933565 Регионална библиотека "Любен Каравелов" Русе Регионална библиотека "Любен Каравелов" Русе Детски отдел 2023-09-15 Детски отдел 30.00 ДН 59/П 79 Х 120000892732 15.34 Книги 120000892732
Vip Innovations Ltd, Rousse, Bulgaria 2025